000 00294nam a22001337a 4500
008 170131b xxu||||| |||| 00| 0 eng d
020 _a0878510230
041 _aeng
080 _a61
100 _a3
101 _aSHMI
245 _aFAMILY HEALTH & MEDICAL GUIDE
_cBARKER, G.H
942 _2udc
_cBK
999 _c4057
_d4057